000 00260nam a2200121Ia 4500
008 190216s9999||||xx |||||||||||||| ||und||
100 _aSimha S L N
245 0 _aCredit Management
260 _bNull
_c1978
300 _a463p
650 _aCommerce
942 _cBK
999 _c4557
_d4557